<?xml version="1.0" encoding="UTF-8"?>
<record
    xmlns:xsi="http://www.w3.org/2001/XMLSchema-instance"
    xsi:schemaLocation="http://www.loc.gov/MARC21/slim http://www.loc.gov/standards/marcxml/schema/MARC21slim.xsd"
    xmlns="http://www.loc.gov/MARC21/slim">

  <leader>00959nam a22002537a 4500</leader>
  <controlfield tag="005">20170123164202.0</controlfield>
  <datafield tag="010" ind1=" " ind2=" ">
    <subfield code="a">A-507131</subfield>
  </datafield>
  <datafield tag="020" ind1=" " ind2=" ">
    <subfield code="c">75.00</subfield>
  </datafield>
  <datafield tag="035" ind1=" " ind2=" ">
    <subfield code="a">A-507131</subfield>
  </datafield>
  <datafield tag="037" ind1=" " ind2=" ">
    <subfield code="b">Cen Lib/Ret</subfield>
  </datafield>
  <datafield tag="040" ind1=" " ind2=" ">
    <subfield code="a">DPL</subfield>
    <subfield code="b">PN</subfield>
  </datafield>
  <datafield tag="082" ind1=" " ind2=" ">
    <subfield code="a">910.04</subfield>
    <subfield code="b">&#xA38;&#xA35;&#xA30;</subfield>
  </datafield>
  <datafield tag="100" ind1=" " ind2=" ">
    <subfield code="a">&#xA38;&#xA35;&#xA30;&#xA28; &#xA38;&#xA3F;&#xA70;&#xA18; </subfield>
    <subfield code="9">133504</subfield>
  </datafield>
  <datafield tag="245" ind1=" " ind2=" ">
    <subfield code="a">&#xA28;&#xA3E;&#xA35;&#xA23; &#xA1A;&#xA32;&#xA47; &#xA24;&#xA40;&#xA30;&#xA25;&#xA40; /</subfield>
    <subfield code="c">&#xA38;&#xA35;&#xA30;&#xA28; &#xA38;&#xA3F;&#xA70;&#xA18; </subfield>
  </datafield>
  <datafield tag="246" ind1=" " ind2=" ">
    <subfield code="a">Navan chaley teerathi : a pilgrimage /</subfield>
    <subfield code="b">by Swarn Singh </subfield>
  </datafield>
  <datafield tag="260" ind1=" " ind2=" ">
    <subfield code="a">&#xA26;&#xA3F;&#xA71;&#xA32;&#xA40; </subfield>
    <subfield code="b">&#xA35;&#xA48;&#xA71;&#xA32;&#xA35;&#xA3F;&#xA38;&#xA3C; &#xA2A;&#xA2C;&#xA32;&#xA3F;&#xA38;&#xA3C;&#xA30;&#xA1C;&#xA3C;  </subfield>
    <subfield code="c">1990</subfield>
  </datafield>
  <datafield tag="270" ind1=" " ind2=" ">
    <subfield code="a">&#xA2A;&#xA40; &#xA2A;&#xA40; 5 &#xA2E;&#xA4C;&#xA30;&#xA40;&#xA06; &#xA14;&#xA28;&#xA15;&#xA32;&#xA48;&#xA35; &#xA2A;&#xA40;&#xA24;&#xA2E; &#xA2A;&#xA42;&#xA30;&#xA3E; </subfield>
    <subfield code="b">&#xA26;&#xA3F;&#xA71;&#xA32;&#xA40; </subfield>
  </datafield>
  <datafield tag="300" ind1=" " ind2=" ">
    <subfield code="a">99p ; </subfield>
    <subfield code="c">20cm</subfield>
  </datafield>
  <datafield tag="650" ind1=" " ind2=" ">
    <subfield code="a"> &#xA2D;&#xA3E;&#xA30;&#xA24; -- &#xA35;&#xA47;&#xA30;&#xA35;&#xA3E; &#xA05;&#xA24;&#xA47; &#xA2F;&#xA3E;&#xA24;&#xA30;&#xA3E;</subfield>
    <subfield code="9">86997</subfield>
  </datafield>
  <datafield tag="650" ind1=" " ind2=" ">
    <subfield code="a">&#xA2F;&#xA3E;&#xA24;&#xA30;&#xA3E;</subfield>
    <subfield code="9">133505</subfield>
  </datafield>
  <datafield tag="650" ind1=" " ind2=" ">
    <subfield code="a">India -- Description and travel</subfield>
    <subfield code="9">26587</subfield>
  </datafield>
  <datafield tag="650" ind1=" " ind2=" ">
    <subfield code="a"> travel</subfield>
    <subfield code="9">25007</subfield>
  </datafield>
  <datafield tag="942" ind1=" " ind2=" ">
    <subfield code="2">ddc</subfield>
    <subfield code="c">PN</subfield>
    <subfield code="h">910.4</subfield>
    <subfield code="m">&#xA38;&#xA35;&#xA30;</subfield>
  </datafield>
  <datafield tag="999" ind1=" " ind2=" ">
    <subfield code="c">111124</subfield>
    <subfield code="d">111124</subfield>
  </datafield>
  <datafield tag="952" ind1=" " ind2=" ">
    <subfield code="0">0</subfield>
    <subfield code="1">0</subfield>
    <subfield code="4">0</subfield>
    <subfield code="7">0</subfield>
    <subfield code="a">L</subfield>
    <subfield code="b">L</subfield>
    <subfield code="d">2016-02-13</subfield>
    <subfield code="e">Cen Lib/Ret</subfield>
    <subfield code="g">75.00</subfield>
    <subfield code="l">0</subfield>
    <subfield code="o">910.04 &#xA38;&#xA35;&#xA30;</subfield>
    <subfield code="p">A-507131</subfield>
    <subfield code="r">2016-02-13 00:00:00</subfield>
    <subfield code="t">1</subfield>
    <subfield code="v">75.00</subfield>
    <subfield code="w">2016-02-13</subfield>
    <subfield code="y">PN</subfield>
  </datafield>
</record>
